Az SAP rendszerek megvalósulása a logisztikában

Bibliográfiai részletek
Szerző: Androvicz Máté János
További közreműködők: Király Dr. Éva
Dokumentumtípus: Diplomadolgozat
Kulcsszavak:SAP
logisztika
logisztika folyamatok
vállalatirányítás
szoftver
Online Access:http://dolgozattar.uni-bge.hu/539

MARC

LEADER 00000nta a2200000 i 4500
001 dolg539
005 20200402100802.0
008 141203suuuu hu om 000 hun d
040 |a BGE Dolgozattár Repozitórium  |b hun 
041 |a hu 
100 1 |a Androvicz Máté János 
245 1 3 |a Az SAP rendszerek megvalósulása a logisztikában  |c Androvicz Máté János  |h [elektronikus dokumentum] 
246 1 1 |a Az SAP rendszerek megvalósulása a logisztikában 
520 3 |a Az SAP rendszerek megvalósulása a logisztikában: Hogyan segítik a szoftverek a logisztikai folyamatokat 
695 |a SAP 
695 |a logisztika 
695 |a logisztika folyamatok 
695 |a vállalatirányítás 
695 |a szoftver 
700 1 |a Király Dr. Éva  |e ths 
856 4 0 |u http://dolgozattar.uni-bge.hu/539/1/SzakdolgozatANM.pdf  |z Dokumentum-elérés